000 00707nam a2200253Ia 4500
005 20260123122737.0
008 008 260114s9999 xx 000 0 eng d
020 _a9781452244105
037 _aEBOOK
040 _aCRL
040 _beng
040 _cCRL
041 _2eng
041 _aeng
084 _qCRL
100 _aRandall E. Groth
_91105052
245 0 _aTeaching Mathematics in Grades 6 -12: Developing Research-Based Instructional Practices
260 _bSAGE
260 _c2018
856 _uhttps://sk.sagepub.com/books/teaching-mathematics-in-grades-6-12-developing-research-based-instructional-practices
942 _cEBOOK
999 _c1670288
_d1670288